|
|
|
|
| LEADER |
00000nam a2200000 a 4500 |
| 001 |
vtls008379661 |
| 003 |
SK-MaSNL |
| 005 |
20260302004036.0 |
| 008 |
181109s1954 xo slo |
| 015 |
|
|
|a SKSNBA19451955-005594
|
| 035 |
|
|
|a SK01SNKBKSFS20010071878
|
| 035 |
|
|
|a SKM000074341
|
| 040 |
|
|
|a SNK
|b slo
|c SNK
|e AACR2
|
| 041 |
1 |
|
|a slo
|h cze
|
| 044 |
|
|
|a xo
|c SK
|
| 080 |
|
|
|a 301.01(47+57)
|2 1981
|
| 080 |
|
|
|a 792(47+57)
|2 1981
|
| 100 |
1 |
|
|a Kopecký, Jan,
|d 1919-1992
|4 aut
|9 209383
|
| 245 |
1 |
0 |
|a Sovietske zápisky o živote a divadle v krajine socializmu
|c Ján Kopecký ; (z čes. prel. Miro Procházka) ; (ilustrácie použité z čes. vyd.)
|
| 250 |
|
|
|a 2. vyd. (vo Svete socializmu 1.)
|
| 260 |
|
|
|a Bratislava
|b Svet socializmu
|c 1954
|e Martin
|f Severoslov. tlač.
|
| 300 |
|
|
|a 351, [6] s.
|c V. 8°
|
| 500 |
|
|
|a Ilustrované
|
| 563 |
|
|
|a 5.150 výtlač.
|
| 650 |
0 |
7 |
|a sovietske divadlo
|2 SNKPH
|9 643522
|
| 651 |
|
7 |
|a Sovietsky zväz
|2 SNKPHgeo
|9 22126
|
| 655 |
|
7 |
|a knihy
|2 SNKPH
|9 307098
|
| 700 |
1 |
|
|a Procházka, Miro
|4 trl
|9 279244
|
| 852 |
|
|
|a Slovenská národná knižnica v Martine
|b 10000
|h MS SD 9132
|
| 958 |
|
|
|a OND
|
| 958 |
|
|
|a RK
|
| 958 |
|
|
|a TL
|
| 999 |
|
|
|c 994367
|d 996297
|
| 952 |
|
|
|a SNK
|b SNK
|y PREZ
|7 0
|p 17A0397490
|o snkSD 9132
|i snk1076/54
|0 0
|1 0
|4 0
|d 2003-09-12
|l 0
|r 2025-11-21 00:00:00
|w 2026-02-24
|
| 952 |
|
|
|a SNK
|b SNK
|y VYP
|7 0
|p 17A0835802
|o snkSD 9132 D1
|i snkI. 8569/54
|0 0
|1 0
|4 0
|d 2014-10-29
|l 0
|r 2026-02-24 11:59:38
|w 2026-02-24
|
| 952 |
|
|
|a SNK
|b SNK
|y VYP
|7 0
|p 17A0835800
|o snkSD 9132 D2
|i snkI. 8570/54
|0 0
|1 0
|4 0
|d 2014-10-29
|l 0
|r 2026-02-24 11:59:39
|w 2026-02-24
|
| 952 |
|
|
|a SNK
|b SNK
|y VYP
|7 0
|p 17A0835798
|o snkSD 9132 D3
|i snkI. 8375/54
|0 0
|1 0
|4 0
|d 2014-10-29
|l 0
|r 2026-02-24 11:59:39
|w 2026-02-24
|